LEADER 01359nam0-2200409---450- 001 990000318630203316 010 $a0-444-50240-8 035 $a0031863 035 $aUSA010031863 035 $a(ALEPH)000031863USA01 035 $a0031863 100 $a20010104d2000----km-y0itay0103----ba 101 $aeng 102 $aNL 105 $a||||||||001yy 200 1 $aECOTOX$eecological modelling and ecotoxicology$fedited by Leif Albert Jorgensen, Sven Erik Jorgensen, Soren Nors Nielsen 205 $a1st electronic ed. 210 $aAmsterdam$cElsevier$dcopyr. 2000 215 $a1 CD ROM$emanuale d'uso (134 p. ; 21 cm.) 300 $aRequisiti del sistema: PC 486 o superiore (consigliato Pentium) ; 16 MB RAM; 30 MB liberi su hard disk; Windows 95/98/NT 461 1$1001-------$12001 606 $aEcologia$xModelli matematici 606 $aAmbiente naturale$xTossicologia 676 $a574.50724 702 1$aJORGENSEN,$bLeif Albert 702 $aJORGENSEN,$bSven Erik 702 $aNIELSEN,$bSoren Nors 801 0$aIT$bsalbc$gISBD 912 $a990000318630203316 951 $a574.507 24 ECO$b15471 Ing.$c574$d00008476 959 $aBK 969 $aTEC 979 $aTAMI$b40$c20010104$lUSA01$h1322 979 $c20020403$lUSA01$h1639 979 $aPATRY$b90$c20040406$lUSA01$h1622 996 $aECOTOX$9879190 997 $aUNISA LEADER 01174nam 2200421 450 001 9910810299103321 005 20230822233547.0 010 $a1-5231-3701-0 010 $a1-119-63496-2 010 $a1-119-63497-0 035 $a(CKB)4100000010871009 035 $a(MiAaPQ)EBC6265343 035 $a(EXLCZ)994100000010871009 100 $a20201119d2020 uy 0 101 0 $aeng 135 $aurcnu|||||||| 181 $ctxt$2rdacontent 182 $cc$2rdamedia 183 $acr$2rdacarrier 200 10$aCatalyst engineering technology $efundamentals and applications /$fJean W. L. Beeckman 210 1$aHoboken, NJ :$cWiley,$d2020. 215 $a1 online resource (307 pages) 311 $a1-119-63494-6 606 $aCatalysts 606 $aExtrusion process 606 $aCatalysts industry 615 0$aCatalysts. 615 0$aExtrusion process. 615 0$aCatalysts industry. 676 $a660.2995 700 $aBeeckman$b Jean W. L.$01635543 801 0$bMiAaPQ 801 1$bMiAaPQ 801 2$bMiAaPQ 906 $aBOOK 912 $a9910810299103321 996 $aCatalyst engineering technology$93976394 997 $aUNINA